| 000 | 00397 a2200133 4500 | ||
|---|---|---|---|
| 001 | 87917 | ||
| 082 | _aPR 255 | ||
| 090 |
_c41384 _d41384 |
||
| 100 | _aAhmed Jawad; Baber Saeed prof. | ||
| 245 |
_aTo verify the repair scheme of C-130 aircraft outer wing station 00(OWS 00) of A/C 689 _nG-66 |
||
| 260 |
_aRisalpur _bNUST _c2009 |
||
| 300 |
_axiv, 129 p. _ewith CD |
||
| 500 | _aBE project reports AE | ||
| 942 |
_aCAE NUST _kPR 255 |
||
| 999 |
_c322990 _d322990 |
||